Three comedies (Record no. 8784)
[ view plain ]
| 000 -LEADER | |
|---|---|
| fixed length control field | 00571 a2200145 4500 |
| 005 - DATE AND TIME OF LATEST TRANSACTION | |
| control field | 20191017172347.0 |
| 084 ## - OTHER CLASSIFICATION NUMBER | |
| Classification number | PQ4695 .E5 1907 |
| 245 ## - TITLE STATEMENT | |
| Title | Three comedies |
| Medium | |
| 260 ## - PUBLICATION, DISTRIBUTION, ETC. | |
| Place of publication, distribution, etc. | nyu |
| Name of publisher, distributor, etc. | The National alumni |
| Date of publication, distribution, etc. | [c1907] |
| 300 ## - PHYSICAL DESCRIPTION | |
| Extent | xi, 372 p. col. front. (port.) 3 pl. 24 cm. |
| Other physical details | xi, 372 p. col. front. (port.) 3 pl. 24 cm. |
| Dimensions | xi, 372 p. col. front. (port.) 3 pl. 24 cm. |
| 490 ## - SERIES STATEMENT | |
| Series statement | The literature of Italy, 1265-1907 |
| 500 ## - GENERAL NOTE | |
| General note | by Carlo Goldoni. Three tragedies, by Vittorio Alfieri; translated by Charles Lloyd. |
| 650 ## - SUBJECT ADDED ENTRY--TOPICAL TERM | |
| Topical term or geographic name entry element | literature |
| 700 ## - ADDED ENTRY--PERSONAL NAME | |
| Personal name | Goldoni, Carlo |
| 700 ## - ADDED ENTRY--PERSONAL NAME | |
| Personal name | Alfieri, Vittorio |
No items available.